Developing a tool for MABEL (Multiple Altimeter Beam Experimental LiDAR) data processing using IDL (Record no. 6531)
[ view plain ]
| 000 -LEADER | |
|---|---|
| fixed length control field | 02524nam a22002297a 4500 |
| 003 - CONTROL NUMBER IDENTIFIER | |
| control field | OSt |
| 005 - DATE AND TIME OF LATEST TRANSACTION | |
| control field | 20220107122852.0 |
| 008 - FIXED-LENGTH DATA ELEMENTS--GENERAL INFORMATION | |
| fixed length control field | 190628b xxu||||| |||| 00| 0 eng d |
| 040 ## - CATALOGING SOURCE | |
| Transcribing agency | IIITMK |
| 100 ## - MAIN ENTRY--PERSONAL NAME | |
| Personal name | Aswinraj K T (92317007) |
| 9 (RLIN) | 15999 |
| 245 ## - TITLE STATEMENT | |
| Title | Developing a tool for MABEL (Multiple Altimeter Beam Experimental LiDAR) data processing using IDL |
| 300 ## - PHYSICAL DESCRIPTION | |
| Extent | MSC GIS 2017-2019 |
| 500 ## - GENERAL NOTE | |
| General note | The Earth is changing continually with changes in the global climate making it imperative to<br/>study these changes. NASA’s Ice Cloud and Land Elevation Satellite-2 (ICESat-2) is a spaceborne LiDAR <br/>system which uses photon-time data to obtain elevations above the Earth. This study uses Multiple Altimeter<br/>Beam Experimental Lidar (MABEL) data which is a model of the Advanced Topographical Laser Altimeter System (ATLAS)<br/>to be incorporated into ICESat-2, to provide the end-user, an efficacious interactive tool to de-noise<br/>the noisy airborne photon data and visualize<br/>it graphically. A three-level de-noising methodology was adapted. In the<br/>first, statistical level, 3σ-elimination was performed. For the second level, line de-noising, all<br/>photons having more than one elevation for the same distance were removed. The last and third<br/>de-noising method is fine denoising, in which a co-ordinate geometry was applied to compute<br/>respective photon densities within an ellipse, was implemented. Elimination of noise photon<br/>was then carried out according to a density threshold. The statistical de-noising removed a few<br/>noisy data but were inconsequential in some cases. The iterative refinement cleared noise step<br/>by step while leaving the actual feature intact. The interface will provide an efficacious way<br/>for the end-user to perform the above-mentioned tasks with a single tool. The main purpose or<br/>advantage of this tool is to remove noise of any complex MABEL data. The de-noised data can<br/>be further used obtain landform features and when done periodically, can be instrumental in<br/>studying changes in the area of interest. There is no such tool to remove noise from MABEL<br/>data. Developing this tool in IDL has a purpose that the most famous geospatial analytics<br/>software like ENVI is written in IDL. So, this tool would be compatible with ENVI. |
| 502 ## - DISSERTATION NOTE | |
| Degree type | MSC GIS |
| Name of granting institution | 2017-2019 |
| Year degree granted | INT |
| -- | Radhakrishnan T |
| 650 ## - SUBJECT ADDED ENTRY--TOPICAL TERM | |
| Topical term or geographic name entry element | MABEL |
| 9 (RLIN) | 16000 |
| 650 ## - SUBJECT ADDED ENTRY--TOPICAL TERM | |
| Topical term or geographic name entry element | IDL |
| 9 (RLIN) | 16001 |
| 650 ## - SUBJECT ADDED ENTRY--TOPICAL TERM | |
| Topical term or geographic name entry element | LIDAR |
| 9 (RLIN) | 16002 |
| 650 ## - SUBJECT ADDED ENTRY--TOPICAL TERM | |
| Topical term or geographic name entry element | COARSE DENOISING |
| 9 (RLIN) | 16003 |
| 650 ## - SUBJECT ADDED ENTRY--TOPICAL TERM | |
| Topical term or geographic name entry element | STATISTICAL DENOISING |
| 9 (RLIN) | 16004 |
| 650 ## - SUBJECT ADDED ENTRY--TOPICAL TERM | |
| Topical term or geographic name entry element | FINE DENOISING |
| 9 (RLIN) | 16005 |
| 942 ## - ADDED ENTRY ELEMENTS (KOHA) | |
| Source of classification or shelving scheme | Dewey Decimal Classification |
| Koha item type | |
| Withdrawn status | Lost status | Source of classification or shelving scheme | Damaged status | Not for loan | Collection code | Home library | Current library | Shelving location | Date acquired | Total Checkouts | Barcode | Date last seen | Price effective from | Koha item type |
|---|---|---|---|---|---|---|---|---|---|---|---|---|---|---|
| Dewey Decimal Classification | Non Fiction | IIITM-K | Kerala University of Digital Sciences, Innovation and Technology Knowledge Centre | 28/06/2019 | R-1529 | 28/06/2019 | 28/06/2019 | Project Reports |